000 00262nam a2200109Ia 4500
008 190216s9999||||xx |||||||||||||| ||und||
100 _aAyamun E J
245 0 _aEajj Nalloru Mansanagan Nok
260 _bCurrent Books
650 _aMalayalam Nadakam
942 _cBK
999 _c26720
_d26720